banner-ar

هندسة الطرق / (Record no. 52359)

MARC details
000 -الفاتح
حقل البيانات ثابتة الطول 00610nam a2200217Ia 4500
008 - عناصر البيانات ثابتة الطول - معلومات عامة
حقل البيانات ثابتة الطول 140319s9999 xx 000 0 ara d
040 ## - مصدر الفهرسة
وكالة الفهرسة الأصلية GCL /
وكالة النسخ GCL
082 04 - رقم تصنيف ديوى العشرى
رقم التصنيف 625.7
رقم المادة م ه
100 1# - المدخل الرئيسى - إسم شخصى
الإسم الشخصى محمود توفيق سالم
245 10 - بيان العنوان
العنوان هندسة الطرق /
بيان المسئوليه,etc محمود توفيق سالم
300 ## - الوصف المادى
التعداد 343
490 ## - بيان السلسلة
عنوان السلسلة
650 04 - المدخل الاضافى بالموضوع-مصطلح موضوعى
مصطلح موضوعي الهندسة المدنية
650 04 - المدخل الاضافى بالموضوع-مصطلح موضوعى
مصطلح موضوعي هندسة الطرق
650 04 - المدخل الاضافى بالموضوع-مصطلح موضوعى
مصطلح موضوعي الطرق
650 04 - المدخل الاضافى بالموضوع-مصطلح موضوعى
مصطلح موضوعي رصف الطرق
650 04 - المدخل الاضافى بالموضوع-مصطلح موضوعى
مصطلح موضوعي بناء الارصفة
942 ## - عناصر المدخل الإضافي( كوها)
مصدر التصنيف او مخطط الترفيف Dewey Decimal Classification
Koha [default] item type كتاب
260 ## - PUBLICATION, DISTRIBUTION, ETC. (IMPRINT)
-- [S.N] :
-- دار الراتب الجامعية
Holdings
حالة التراجع حالة الفقد حالة تلف ليس للاعارة المكان المؤقت الموقع الحالى تاريخ الاكتساب اجمالي اﻻعارات رقم الطلب الباركود تاريخ اخر مشاهدة تاريخ تفعيل السعر نوع وعاء كوها
        مكتبة القاهرة الكبرى مكتبة القاهرة الكبرى 03/26/2014   625.7\م ه 125309 03/26/2014 03/26/2014 كتاب

Powered By

EGPV